[Event "42nd Olympiad 2016"]
[Site "Baku AZE"]
[Date "2016.09.10"]
[Round "8.73"]
[Board "2"]
[White "Mwanyika, Geoffrey"]
[Black "Silva, David"]
[Result "0-1"]
[BlackTitle "IM"]
[WhiteElo "1850"]
[BlackElo "2276"]
[WhiteTeam "Tanzania"]
[BlackTeam "Angola"]
[WhiteFideId "10002294"]
[BlackFideId "10101314"]
[EventDate "2016.09.02"]

1. f4 g6 2. Nf3 Bg7 3. e3 Nf6 4. Be2 O-O 5. O-O d6 6. d4 Nbd7 7. c3 Qe8 8. Bd3
e5 9. Be2 Qe7 10. Re1 b6 11. b3 Bb7 12. h3 a5 13. a4 Rad8 14. Kh1 exf4 15. exf4
Rfe8 16. Qd3 Be4 17. Qe3 Nd5 18. Qf2 Bxb1 19. Rxb1 Nxc3 20. Bd3 Qf6 21. Rb2
Rxe1+ 22. Qxe1 Nd5 23. g3 Nb4 24. Bb1 Qe6 25. Qxe6 fxe6 26. Re2 e5 27. f5 exd4
28. fxg6 hxg6 29. Bxg6 Rf8 30. Kg2 Nc5 31. h4 d3 32. Re7 Nxb3 33. Rxc7 Nd5 34.
Rc4 Nxc1 35. Rxc1 Ne3+ 36. Kh3 Rxf3 37. Rc8+ Rf8 38. Rxf8+ Bxf8 39. Bxd3 d5 40.
g4 Nd1 41. Bc2 Nb2 42. Bb3 Nc4 43. g5 Ne3 44. Kg3 Kg7 45. Kf4 Bc5 46. h5 d4 47.
Ke4 Be7 48. Kxd4 Bxg5 49. Ke5 Kh6 50. Kd6 Ng4 51. Bf7 Nf6 52. Kc6 Be3 53. Kb5
Nxh5 54. Kc4 Nf4 55. Kb3 Kg7 56. Bc4 Kf6 57. Kc3 Ke5 58. Bb3 Ne2+ 59. Kc4 Kd6
60. Bd1 Nd4 61. Bh5 Bf2 62. Bd1 Nf5 63. Bb3 Kc6 64. Kc3 Kc5 65. Be6 Be1+ 66. Kb2
Nd4 67. Bd7 Kb4 68. Ka2 Ne2 69. Kb2 Nc3 70. Be6 Nxa4+ 71. Ka2 Nc3+ 72. Kb2 a4
73. Bf7 a3+ 74. Ka1 Bd2 75. Bb3 Bc1 0-1

[Event "42nd Olympiad 2016"]
[Site "Baku AZE"]
[Date "2016.09.10"]
[Round "8.73"]
[Board "3"]
[White "Soares, Erikson Roberto Mauricio"]
[Black "Mlawa, Hemed"]
[Result "1-0"]
[WhiteTitle "IM"]
[WhiteElo "2274"]
[BlackElo "1782"]
[WhiteTeam "Angola"]
[BlackTeam "Tanzania"]
[WhiteFideId "10100091"]
[BlackFideId "10002251"]
[EventDate "2016.09.02"]

1. Nf3 d5 2. g3 e6 3. Bg2 Nf6 4. O-O Be7 5. d4 O-O 6. c4 dxc4 7. Qc2 a6 8. Qxc4
b5 9. Qc2 Bb7 10. Bd2 Nbd7 11. Ba5 Rc8 12. Nbd2 Nb8 13. Nb3 Nc6 14. Bd2 Nb4 15.
Bxb4 Bxb4 16. Nc5 Bxc5 17. dxc5 Be4 18. Qc3 c6 19. Ne5 Bxg2 20. Kxg2 Qd5+ 21. f3
Nd7 22. Nxd7 Qxd7 23. Rfd1 Qc7 24. Rd6 Rfd8 25. Rad1 Rxd6 26. Rxd6 Rd8 27. Qd4
Rxd6 28. cxd6 Qd7 29. e4 f6 30. f4 e5 31. fxe5 Kf7 32. Qf2 Qg4 33. Qa7+ Kg6 34.
Kf2 Qxe4 35. Qe3 Qf5+ 36. Qf3 Qc2+ 37. Qe2 Qf5+ 38. Qf3 Qc2+ 39. Ke3 Qc5+ 40.
Kd2 fxe5 41. d7 Qb4+ 42. Qc3 1-0

[Event "42nd Olympiad 2016"]
[Site "Baku AZE"]
[Date "2016.09.10"]
[Round "8.73"]
[Board "4"]
[White "Mwaisumbe, Emmanuel"]
[Black "Aguiar, Cristiano"]
[Result "0-1"]
[BlackTitle "FM"]
[WhiteElo "1662"]
[BlackElo "2208"]
[WhiteTeam "Tanzania"]
[BlackTeam "Angola"]
[WhiteFideId "10001875"]
[BlackFideId "10100911"]
[EventDate "2016.09.02"]

1. e4 e5 2. Nf3 Nc6 3. d4 exd4 4. Bc4 Nf6 5. Ng5 Ne5 6. Qxd4 d6 7. f4 Nxc4 8.
Qxc4 Qe7 9. O-O h6 10. e5 dxe5 11. fxe5 Ng4 12. Qxf7+ Qxf7 13. Nxf7 Bc5+ 14. Kh1
Rf8 15. h3 Nf2+ 16. Kh2 Rxf7 17. Re1 Bf5 18. Nc3 Bxc2 19. e6 Rf8 20. e7 Rf7 21.
Nd5 Bd6+ 22. g3 Be4 23. Nc3 Bc6 24. Be3 Nd3 25. Re2 Ne5 26. h4 Ng4+ 27. Kg1 Nxe3
28. Rxe3 Bc5 29. Re1 Rxe7 30. Kf2 O-O-O 31. b4 Rd2+ 32. Re2 Bxe3+ 0-1

[Event "42nd Olympiad 2016"]
[Site "Baku AZE"]
[Date "2016.09.10"]
[Round "8.74"]
[Board "1"]
[White "Mesfin, Leykun"]
[Black "Bah, Ebrima"]
[Result "1-0"]
[BlackTitle "CM"]
[WhiteElo "2129"]
[BlackElo "2054"]
[WhiteTeam "Ethiopia"]
[BlackTeam "Gambia"]
[WhiteFideId "15700097"]
[BlackFideId "21100039"]
[EventDate "2016.09.02"]

1. e4 e5 2. Nf3 Nc6 3. Bb5 Nf6 4. O-O Be7 5. Re1 d6 6. d4 Bd7 7. Nc3 O-O 8. d5
Nb8 9. Bf1 Bg4 10. h3 Bh5 11. g4 Bg6 12. Nh4 Bxe4 13. Nxe4 Nxe4 14. Nf5 Nc5 15.
b4 Na4 16. Qd2 Nd7 17. Bd3 Bf6 18. g5 Be7 19. h4 Re8 20. Qe2 g6 21. Nh6+ Kg7 22.
f4 f6 23. Qg4 Nab6 24. c4 Nf8 25. Bb2 Na4 26. Bc1 Qd7 27. Bf5 gxf5 28. gxf6+ 1-0

[Event "42nd Olympiad 2016"]
[Site "Baku AZE"]
[Date "2016.09.10"]
[Round "8.74"]
[Board "4"]
[White "Jallow, Amadou"]
[Black "Teklay, Teshager"]
[Result "0-1"]
[WhiteTitle "CM"]
[WhiteElo "2011"]
[BlackElo "1868"]
[WhiteTeam "Gambia"]
[BlackTeam "Ethiopia"]
[WhiteFideId "21100012"]
[BlackFideId "15700704"]
[EventDate "2016.09.02"]

1. e4 c5 2. Bc4 Nc6 3. a3 Nf6 4. d3 g6 5. Ne2 Bg7 6. O-O O-O 7. c3 Qc7 8. f4 e6
9. Be3 d5 10. Bb3 dxe4 11. Bxc5 Rd8 12. Bd4 exd3 13. Qxd3 Nxd4 14. Nxd4 Bd7 15.
Nd2 Bc6 16. N2f3 Qxf4 17. Qe2 Bxf3 18. Rxf3 Qc7 19. Raf1 Ng4 20. Rf4 Nh6 21.
R4f2 Rxd4 22. cxd4 Bxd4 23. Kh1 Bxf2 24. Qxf2 Ng4 25. Qh4 Ne3 26. Re1 Nf5 27.
Qe4 Qb6 28. Qc4 Qf2 29. Qc3 Rd8 30. Rg1 Qe3 31. Qc7 Rd2 32. Qxb7 Ng3+ 0-1

[Event "42nd Olympiad 2016"]
[Site "Baku AZE"]
[Date "2016.09.10"]
[Round "8.75"]
[Board "1"]
[White "Mafnas, Peter"]
[Black "Lam, Daniel King-wai"]
[Result "0-1"]
[WhiteElo "2095"]
[BlackElo "2169"]
[WhiteTeam "Guam"]
[BlackTeam "Hong Kong"]
[WhiteFideId "31000509"]
[BlackFideId "6001238"]
[EventDate "2016.09.02"]

1. d4 Nf6 2. c4 g6 3. g3 Bg7 4. Bg2 O-O 5. Nf3 d6 6. O-O Nbd7 7. b3 c5 8. e3 Rb8
9. a4 b6 10. Nc3 Bb7 11. Bb2 Ne4 12. Rc1 Nxc3 13. Bxc3 Nf6 14. d5 a6 15. Re1 e5
16. dxe6 fxe6 17. Bh3 Qe7 18. Ng5 Bc8 19. Bxf6 Bxf6 20. Ne4 Bb7 21. Bg2 d5 22.
Nxf6+ Qxf6 23. Qe2 Rf7 24. f4 Rd7 25. e4 d4 26. Qd3 Ba8 27. Bh3 Re7 28. e5 Qf8
29. Bg2 Bxg2 30. Kxg2 Reb7 31. Qe4 Rf7 32. Qc6 Qc8 33. Qe4 Qb7 34. Kf3 g5 35. h3
Qe7 36. Rg1 Kh8 37. Rcf1 gxf4 38. gxf4 Qh4 39. Rg3 Rbf8 40. Kg2 Rxf4 41. Qb7 Qh6
42. Rxf4 Rxf4 43. Rf3 Rxf3 44. Qxf3 Qg6+ 45. Kh1 Qf5 46. Qb7 Qxh3+ 47. Kg1 Qg3+
48. Kf1 Qf4+ 49. Kg2 Qg5+ 50. Kh3 Qh6+ 51. Kg2 Qg7+ 0-1

[Event "42nd Olympiad 2016"]
[Site "Baku AZE"]
[Date "2016.09.10"]
[Round "8.75"]
[Board "2"]
[White "Lau, Lut Yin Luke"]
[Black "Molod, Jonathan"]
[Result "1-0"]
[BlackTitle "CM"]
[WhiteElo "1994"]
[BlackElo "1943"]
[WhiteTeam "Hong Kong"]
[BlackTeam "Guam"]
[WhiteFideId "6002226"]
[BlackFideId "31000185"]
[EventDate "2016.09.02"]

1. e4 e6 2. d4 d5 3. Nd2 Nf6 4. e5 Nfd7 5. Bd3 c5 6. c3 Nc6 7. Ne2 Qb6 8. Nf3
Be7 9. O-O f5 10. exf6 Nxf6 11. Nf4 O-O 12. Re1 Nd8 13. Ne5 Nf7 14. Nh5 cxd4 15.
Nxf6+ Bxf6 16. Qh5 h6 17. Ng4 e5 18. Nxh6+ Nxh6 19. Bxh6 gxh6 20. Qg6+ Bg7 21.
Qh7+ Kf7 22. Rxe5 Rh8 23. Re7+ Kxe7 24. Qxg7+ Kd6 25. Qxh8 Kc7 26. cxd4 Qc6 27.
Qe5+ Kb6 28. Qe1 a6 29. Rc1 Qd6 30. Qe8 Qe6 31. Re1 Qc6 32. h3 Qd6 33. Qe5 Qc6
34. Qe8 Qd6 35. Qe7 Qc6 36. Qb4+ Ka7 37. Qc5+ Qxc5 38. dxc5 Bd7 39. Re7 Bc6 40.
f4 Rg8 41. g4 Kb8 42. Kf2 Kc8 43. Rh7 Bd7 44. Rxh6 Kc7 45. Rd6 Rh8 46. g5 Rxh3
47. Rxd7+ 1-0

[Event "42nd Olympiad 2016"]
[Site "Baku AZE"]
[Date "2016.09.10"]
[Round "8.75"]
[Board "3"]
[White "Soriano, Rudolph P."]
[Black "Pang, Yui Kuen"]
[Result "0-1"]
[WhiteElo "1787"]
[BlackElo "1963"]
[WhiteTeam "Guam"]
[BlackTeam "Hong Kong"]
[WhiteFideId "31000142"]
[BlackFideId "6001890"]
[EventDate "2016.09.02"]

1. Nf3 d5 2. b3 Nf6 3. Bb2 Bf5 4. e3 e6 5. h3 h6 6. d3 Bd6 7. Nbd2 O-O 8. g4 Bg6
9. g5 hxg5 10. Nxg5 Nbd7 11. Rg1 e5 12. Qf3 c5 13. Qg2 Qa5 14. f3 b5 15. h4 c4
16. c3 d4 17. b4 Bxb4 18. cxb4 Qxb4 19. Bc1 dxe3 20. Ne4 Nxe4 21. fxe4 Nf6 22.
Be2 cxd3 23. Bf3 Nxe4 24. Bxe4 exd2+ 25. Bxd2 Qxe4+ 26. Qxe4 Bxe4 27. Bh6 Bg6
28. Bd2 Kh7 29. Bc3 Rac8 30. Kd2 f6 31. Rab1 a6 32. Rb4 Rc4 33. Rxc4 bxc4 34.
Rb1 Re8 35. Rb6 f5 36. Rxa6 e4 37. Ra7 e3+ 38. Ke1 d2+ 39. Bxd2 exd2+ 40. Kxd2
f4 41. Ra3 Bd3 42. Ra7 Kg6 43. h5+ Kf6 44. Ra6+ Re6 45. Ra8 Kg5 46. Ra5+ Kg4 47.
Ra7 Re2+ 48. Kd1 f3 49. Rxg7+ Kxh5 50. Rg1 f2 51. Rh1+ Kg5 0-1

[Event "42nd Olympiad 2016"]
[Site "Baku AZE"]
[Date "2016.09.10"]
[Round "8.75"]
[Board "4"]
[White "Borigas, Edgardo"]
[Black "Orio, Rogelio L."]
[Result "1-0"]
[WhiteElo "1894"]
[BlackElo "1781"]
[WhiteTeam "Hong Kong"]
[BlackTeam "Guam"]
[WhiteFideId "6000398"]
[BlackFideId "31000118"]
[EventDate "2016.09.02"]

1. d4 d6 2. Bf4 Bf5 3. e3 Nf6 4. Bd3 Bg4 5. Nf3 c5 6. h3 Bh5 7. dxc5 Qa5+ 8.
Nbd2 e5 9. Bg5 e4 10. Bxf6 exf3 11. g4 gxf6 12. gxh5 dxc5 13. Qxf3 Nd7 14. Qxb7
Rb8 15. Qe4+ Be7 16. b3 Qc3 17. Ke2 Ne5 18. f4 Nd7 19. Nc4 Kf8 20. Rag1 Re8 21.
Qg2 f5 22. Ne5 Bf6 23. Nxd7+ Ke7 24. Nxf6 Qxf6 25. Qg5 h6 26. Qxf5 Qb6 27. Rg7
Kd8 28. Qd5+ Kc8 29. Rxf7 Kb8 30. Be4 Qa6+ 31. Kf3 Rxe4 32. Qxe4 Rc8 33. Rd1 Qb5
34. c4 Qa6 35. Rd6 Rc7 36. Rxa6 Rxf7 37. Qe8+ Kb7 38. Rxa7+ Kxa7 39. Qxf7+ Kb6
40. Qd7 Ka6 41. Qb5+ Ka7 42. f5 Ka8 43. f6 Ka7 44. f7 Ka8 1-0

[Event "42nd Olympiad 2016"]
[Site "Baku AZE"]
[Date "2016.09.10"]
[Round "8.76"]
[Board "1"]
[White "Suringa Jr, Paquito"]
[Black "Kirby, Peter J."]
[Result "0-1"]
[BlackTitle "CM"]
[WhiteElo "1712"]
[BlackElo "2014"]
[WhiteTeam "Palau"]
[BlackTeam "Guernsey"]
[WhiteFideId "16600134"]
[BlackFideId "409014"]
[EventDate "2016.09.02"]

1. e4 c5 2. Bc4 e6 3. Nc3 a6 4. a4 Nc6 5. d3 Nf6 6. Nf3 Qc7 7. Bg5 Be7 8. Qd2
O-O 9. Bf4 d6 10. O-O Nd4 11. Nxd4 cxd4 12. Ne2 Nxe4 13. dxe4 Qxc4 14. b3 Qc7
15. Rac1 e5 16. Bg3 Be6 17. Kh1 Rac8 18. f4 f6 19. f5 Bf7 20. Be1 Qc6 21. Ng3
Bxb3 22. a5 Bxc2 23. Rf2 d3 24. Qb4 Qb5 25. Qd2 Rc4 26. h3 Rfc8 27. Qe3 Bb1 28.
Rxc4 Rxc4 29. Bd2 Bc2 30. Nh5 Qe8 31. Qf3 Ra4 32. Kh2 Ra1 33. g4 Qb5 34. Qg2 Qe8
35. Qf3 Kh8 36. h4 Ra4 37. Kh3 d5 38. exd5 Bc5 39. Rg2 e4 40. Qg3 Qe5 41. Qxe5
fxe5 42. g5 e3 43. Bc3 d2 44. Bxd2 Bxf5+ 45. Kg3 Rg4+ 46. Kf3 Rxg2 47. Bxe3 Bxe3
48. Kxg2 Bd2 49. Ng3 g6 50. d6 Bxa5 51. h5 Bd8 52. Nxf5 gxf5 0-1

[Event "42nd Olympiad 2016"]
[Site "Baku AZE"]
[Date "2016.09.10"]
[Round "8.76"]
[Board "2"]
[White "Rowe, Peter"]
[Black "Alcid, Allan"]
[Result "1-0"]
[WhiteTitle "CM"]
[WhiteElo "1966"]
[BlackElo "1750"]
[WhiteTeam "Guernsey"]
[BlackTeam "Palau"]
[WhiteFideId "10700099"]
[BlackFideId "16601319"]
[EventDate "2016.09.02"]

1. d4 d5 2. Nf3 Nc6 3. Bf4 Bf5 4. c3 h6 5. e3 a6 6. Bd3 Bxd3 7. Qxd3 e6 8. Nbd2
Nf6 9. O-O Bd6 10. Bxd6 Qxd6 11. Rfe1 O-O-O 12. b4 e5 13. dxe5 Nxe5 14. Qf5+
Nfd7 15. Nxe5 Qxe5 16. Qd3 Nb6 17. Nf3 Qf6 18. a4 g5 19. Nd4 Rhe8 20. a5 Nc4 21.
b5 Ne5 22. Qe2 c5 23. bxc6 Nxc6 24. Nxc6 Qxc6 25. Reb1 f5 26. Qd3 Qd7 27. Rb6
Re6 28. Rab1 Rxb6 29. Rxb6 h5 30. g3 f4 31. exf4 gxf4 32. Rb4 fxg3 33. hxg3 Qe6
34. Rh4 Qe1+ 35. Kg2 Rf8 36. Qd4 Kb8 37. Rxh5 Rc8 38. Rxd5 Qxc3 39. Qxc3 Rxc3
40. g4 Kc7 41. f4 Kc6 42. Re5 b5 43. axb6 Kxb6 44. g5 a5 45. g6 Rc7 46. Rg5 Rg7
47. f5 a4 48. Rg3 Kc7 49. f6 a3 50. fxg7 1-0

[Event "42nd Olympiad 2016"]
[Site "Baku AZE"]
[Date "2016.09.10"]
[Round "8.76"]
[Board "3"]
[White "Balbalosa, Jeffrey"]
[Black "Brookfield, Toby"]
[Result "0-1"]
[BlackTitle "CM"]
[WhiteElo "1768"]
[BlackElo "1909"]
[WhiteTeam "Palau"]
[BlackTeam "Guernsey"]
[WhiteFideId "16600240"]
[BlackFideId "10700234"]
[EventDate "2016.09.02"]

1. d4 f5 2. Nf3 Nf6 3. Nc3 e6 4. a3 Be7 5. e3 d6 6. Bd3 b6 7. O-O Bb7 8. Re1 Ne4
9. Bd2 O-O 10. Ne2 Nd7 11. Nf4 Rf6 12. Bxe4 fxe4 13. Ng5 Nf8 14. Rc1 Rh6 15.
Ngh3 Qe8 16. Bc3 Rd8 17. Ne2 Bc8 18. Ng3 d5 19. Nf4 Bd6 20. Nfe2 Ng6 21. Rf1 Qe7
22. f4 Rf8 23. Qd2 Nh4 24. Rf2 Nf5 25. Nxf5 Rxf5 26. g4 Rf8 27. g5 Rh3 28. Kh1
h6 29. gxh6 Rxh6 30. Rg1 g6 31. Rfg2 Qh7 32. Ng3 Kf7 33. b4 Rh8 34. Bb2 b5 35.
Qf2 Ke8 36. Qe2 a6 37. Rf2 e5 38. dxe5 Bg4 39. Qd2 Bf3+ 40. Rgg2 Rxh2+ 0-1

[Event "42nd Olympiad 2016"]
[Site "Baku AZE"]
[Date "2016.09.10"]
[Round "8.76"]
[Board "4"]
[White "Bateman, Kerry"]
[Black "Gonzales, Dennis"]
[Result "0-1"]
[WhiteElo "1785"]
[BlackElo "1651"]
[WhiteTeam "Guernsey"]
[BlackTeam "Palau"]
[WhiteFideId "10700200"]
[BlackFideId "16600150"]
[EventDate "2016.09.02"]

1. e4 c5 2. Nc3 Nc6 3. f4 e6 4. d3 Nf6 5. Nf3 Be7 6. Be2 d6 7. O-O O-O 8. Kh1 h6
9. Qe1 Kh8 10. Qg3 d5 11. Qh3 Nh7 12. Ne5 Nxe5 13. fxe5 d4 14. Nb5 a6 15. Na3 b5
16. Bxh6 gxh6 17. Qxh6 Bg5 18. Qh5 f5 19. g3 Qe8 20. Qh3 Qg6 21. Rf4 Bxf4 22.
gxf4 Rg8 23. Bf3 Ra7 24. exf5 exf5 25. Qg2 Rag7 26. Qxg6 Rxg6 27. c3 R8g7 28.
cxd4 cxd4 29. Nc2 Rd7 30. Rg1 Nf8 31. Rg3 Kg7 32. Kg2 Ne6 33. Rxg6+ Kxg6 34. Kg3
Bb7 35. Bd1 a5 36. b3 Kh6 37. a3 Rg7+ 38. Kf2 Rg2+ 0-1

[Event "42nd Olympiad 2016"]
[Site "Baku AZE"]
[Date "2016.09.10"]
[Round "8.77"]
[Board "1"]
[White "Mphungu, Gerrard"]
[Black "Prasad, Calvin"]
[Result "0-1"]
[WhiteTitle "FM"]
[BlackTitle "CM"]
[WhiteElo "2034"]
[BlackElo "2013"]
[WhiteTeam "Malawi"]
[BlackTeam "Fiji"]
[WhiteFideId "20500220"]
[BlackFideId "11400072"]
[EventDate "2016.09.02"]

1. d4 Nf6 2. c4 g6 3. Nc3 Bg7 4. Nf3 O-O 5. e4 d6 6. Be2 Na6 7. O-O e5 8. dxe5
dxe5 9. Qxd8 Rxd8 10. Ne1 c6 11. Be3 Be6 12. Nc2 Ng4 13. Bxg4 Bxg4 14. f3 Be6
15. Rfd1 Bxc4 16. Rxd8+ Rxd8 17. Bxa7 Rd2 18. Rc1 Bh6 19. Be3 Bxe3+ 20. Nxe3 Be6
21. Rc2 Rxc2 22. Nxc2 b5 23. a3 Bb3 24. Nb4 Nxb4 25. axb4 Kf8 26. Kf2 Ke7 27.
Ne2 Kd6 28. Nc1 Bc4 29. Ke3 c5 30. b3 Be6 31. bxc5+ Kxc5 32. Nd3+ Kd6 33. b4 g5
34. Nf2 Bc4 35. g3 Be6 36. f4 f6 37. f5 Bc4 38. h4 gxh4 39. g4 Bf1 40. Kf3 h3
41. Kg3 Bg2 42. Nd1 Bxe4 43. Kxh3 Bc6 44. Kh4 Be8 45. g5 fxg5+ 46. Kxg5 h5 47.
Nc3 Kc6 48. Ne4 Bf7 49. Nf6 Kd6 50. Nxh5 e4 51. Nf4 Ke5 52. Ng6+ Kd4 53. Kf6 Bc4
54. Kg7 e3 55. f6 e2 56. Nh4 Ke3 57. f7 Bxf7 58. Kxf7 Kf2 0-1

[Event "42nd Olympiad 2016"]
[Site "Baku AZE"]
[Date "2016.09.10"]
[Round "8.77"]
[Board "2"]
[White "Kumar, Manoj"]
[Black "Mfune, Petros"]
[Result "1/2-1/2"]
[WhiteTitle "CM"]
[WhiteElo "1986"]
[BlackElo "1993"]
[WhiteTeam "Fiji"]
[BlackTeam "Malawi"]
[WhiteFideId "11400064"]
[BlackFideId "20500033"]
[EventDate "2016.09.02"]

1. d4 Nf6 2. Nf3 e6 3. c4 Bb4+ 4. Bd2 Bxd2+ 5. Qxd2 b6 6. Nc3 Bb7 7. Qc2 c5 8.
e4 cxd4 9. Nxd4 O-O 10. Be2 d5 11. Rd1 e5 12. Nf3 d4 13. Nd5 Nbd7 14. O-O Rc8
15. Qb1 Nxd5 16. exd5 f5 17. Rfe1 Qf6 18. h4 Nc5 19. Bf1 Ne4 20. a3 Ba6 21. Qa2
h6 22. a4 g5 23. hxg5 hxg5 24. a5 bxa5 25. Qxa5 Bxc4 26. Bxc4 Rxc4 27. d6 Rc5
28. Qxa7 Qxd6 29. Rxe4 fxe4 30. Nxg5 Rc7 31. Qa2+ Kh8 32. Ne6 Rc2 33. Nxf8 Qxf8
34. Rf1 d3 35. Qe6 Qf4 36. g3 Qg5 37. Kg2 1/2-1/2

[Event "42nd Olympiad 2016"]
[Site "Baku AZE"]
[Date "2016.09.10"]
[Round "8.77"]
[Board "3"]
[White "Chipanga, Chiletso"]
[Black "Sikivou, Taione"]
[Result "1-0"]
[WhiteTitle "CM"]
[WhiteElo "2082"]
[BlackElo "1812"]
[WhiteTeam "Malawi"]
[BlackTeam "Fiji"]
[WhiteFideId "16400119"]
[BlackFideId "11400153"]
[EventDate "2016.09.02"]

1. e4 c6 2. c4 d5 3. cxd5 cxd5 4. exd5 Nf6 5. Nc3 Nxd5 6. Nf3 Nc6 7. Bc4 Nb6 8.
Bb3 e6 9. d4 Be7 10. O-O O-O 11. Bf4 a6 12. Re1 Bf6 13. Be3 Na5 14. Bc2 Nbc4 15.
Bc1 b5 16. Ne4 Be7 17. Qd3 g6 18. b3 Nd6 19. Bh6 Re8 20. Bg5 Nxe4 21. Bxe7 Rxe7
22. Rxe4 Bb7 23. Rh4 Rd7 24. Rf4 Nc6 25. Qe3 Nb4 26. Be4 Nd5 27. Bxd5 Bxd5 28.
Ne5 Rc7 29. Ng4 f5 30. Ne5 Rac8 31. h4 Rc3 32. Qd2 a5 33. Qe2 Qc7 34. Kh2 Qb7
35. Rd1 a4 36. g4 Qe7 37. gxf5 exf5 38. Qxb5 Be4 39. Qd7 Qf6 40. Re1 R3c7 41.
Qxa4 Qf8 1-0

[Event "42nd Olympiad 2016"]
[Site "Baku AZE"]
[Date "2016.09.10"]
[Round "8.77"]
[Board "4"]
[White "Adricula, Noel A"]
[Black "Khuphwathea, Paul C."]
[Result "1/2-1/2"]
[WhiteTitle "CM"]
[WhiteElo "1656"]
[BlackElo "1879"]
[WhiteTeam "Fiji"]
[BlackTeam "Malawi"]
[WhiteFideId "11400234"]
[BlackFideId "14305569"]
[EventDate "2016.09.02"]

1. e4 c5 2. Nf3 Nc6 3. d4 cxd4 4. Nxd4 Nf6 5. Nc3 g6 6. Be3 Bg7 7. f3 Qa5 8. Qd2
a6 9. Be2 d6 10. O-O O-O 11. Bc4 Nxd4 12. Bxd4 Qb4 13. Bb3 Nxe4 14. fxe4 Qxd4+
15. Qxd4 Bxd4+ 16. Kh1 Bxc3 17. bxc3 Be6 18. Rf3 Rac8 19. Re1 Bc4 20. h3 Rc5 21.
Ree3 b5 22. Kh2 f6 23. g4 Rb8 24. Re1 a5 25. Rb1 Rcc8 26. Kg3 Kg7 27. h4 a4 28.
Bxc4 bxc4 29. Rb4 Rxb4 30. cxb4 c3 31. a3 Kf7 32. g5 Ke6 33. Kg4 Ke5 34. Re3 Rc4
35. Kf3 fxg5 36. hxg5 e6 37. Re1 d5 38. exd5+ Kxd5 39. Rh1 Rc7 40. Rd1+ Ke5 41.
Ke3 Kf5 42. Rg1 Rd7 43. b5 Rb7 44. Rb1 Kxg5 45. Kd3 h5 46. Kxc3 h4 47. Kd4 Kf4
48. c4 h3 49. c5 h2 50. c6 Rxb5 51. Rf1+ Kg3 52. c7 Rd5+ 53. Kc4 Rd2 54. Kc3 Rf2
55. Rxf2 h1=Q 56. c8=Q Kxf2 57. Qc5+ Kg3 58. Qe5+ Kf2 59. Qd4+ Kg3 60. Qe5+ Kg4
61. Qxe6+ Kf4 62. Qf6+ Ke3 63. Qg5+ Ke4 64. Qxg6+ Kd5 65. Qf7+ Kd6 66. Qf8+ Kd7
67. Qf7+ Kd8 68. Qf8+ Kc7 69. Qe7+ 1/2-1/2

[Event "42nd Olympiad 2016"]
[Site "Baku AZE"]
[Date "2016.09.10"]
[Round "8.78"]
[Board "1"]
[White "Weldegebriel Beraki, Kibrom"]
[Black "Khalema, Sechaba"]
[Result "1-0"]
[WhiteElo "1760"]
[BlackElo "1754"]
[WhiteTeam "Eritrea"]
[BlackTeam "Lesotho"]
[WhiteFideId "15701190"]
[BlackFideId "14317176"]
[EventDate "2016.09.02"]

1. Nf3 Nf6 2. g3 b6 3. Bg2 Bb7 4. d4 e6 5. c4 Be7 6. Nc3 O-O 7. O-O Ne4 8. Qc2
Nxc3 9. bxc3 f5 10. Rd1 d6 11. Qb3 c6 12. a4 Nd7 13. a5 Ba6 14. Bf4 d5 15. cxd5
exd5 16. Qa2 Bc4 17. Qc2 g6 18. h4 Nf6 19. Ne5 Qe8 20. Bh6 Rf7 21. axb6 axb6 22.
Rxa8 Qxa8 23. Nxf7 Kxf7 24. Qb2 b5 25. Ra1 Qc8 26. Bf4 Qe6 27. Bf3 Nd7 28. Ra7
Nf6 29. Bg5 Ng8 30. Qd2 Ke8 31. Bxe7 Nxe7 32. h5 Kf7 33. Qh6 Bxe2 34. Qxh7+ Ke8
35. Qh8+ Kf7 36. hxg6+ Qxg6 1-0

[Event "42nd Olympiad 2016"]
[Site "Baku AZE"]
[Date "2016.09.10"]
[Round "8.79"]
[Board "1"]
[White "Mavuso, Lunga"]
[Black "Gontcharov, Serguei"]
[Result "1-0"]
[WhiteElo "1516"]
[BlackElo "1793"]
[WhiteTeam "Swaziland"]
[BlackTeam "Bermuda"]
[WhiteFideId "20700040"]
[BlackFideId "8800871"]
[EventDate "2016.09.02"]

1. d4 Nf6 2. Bf4 c5 3. e3 e6 4. c3 d5 5. Bd3 Nc6 6. Nd2 Bd6 7. Bxd6 Qxd6 8. a3
c4 9. Bc2 O-O 10. f4 Bd7 11. Ngf3 Ne7 12. Ne5 Nf5 13. Qf3 g6 14. g4 Ng7 15. Qh3
h5 16. Ndf3 hxg4 17. Nxg4 Nxg4 18. Qxg4 Nf5 19. Kd2 Kg7 20. Ne5 Rh8 21. Bxf5
exf5 22. Qg5 Rh5 23. Qg3 Rah8 24. h4 Ba4 25. Rag1 Qf6 26. Nf3 Qb6 27. Rb1 Qe6
28. Ne5 Qe7 29. Rbg1 Be8 30. Nf3 Qe4 31. Ne5 R5h6 32. Rh2 f6 33. Nf3 Qd3+ 34.
Kc1 Qxe3+ 35. Kb1 Qe7 36. Re1 Qd8 37. Rhe2 Kf8 38. Rxe8+ Qxe8 39. Rxe8+ Kxe8 40.
Qe1+ Kf7 41. b3 Re8 42. Qf1 b5 43. b4 Re3 44. Kc2 Rh8 45. Qg2 Rhe8 46. Ne5+ fxe5
47. fxe5 Re4 48. Qg5 Re6 49. Qd8 Rg4 50. Qd7+ 1-0

[Event "42nd Olympiad 2016"]
[Site "Baku AZE"]
[Date "2016.09.10"]
[Round "8.79"]
[Board "2"]
[White "Lill, Sami"]
[Black "Hlophe, Smilo"]
[Result "1/2-1/2"]
[WhiteTitle "CM"]
[WhiteElo "1870"]
[BlackElo "1592"]
[WhiteTeam "Bermuda"]
[BlackTeam "Swaziland"]
[WhiteFideId "8800170"]
[BlackFideId "20700245"]
[EventDate "2016.09.02"]

1. e4 e5 2. Nf3 Nf6 3. Nxe5 d6 4. Nf3 Nxe4 5. Nc3 Bf5 6. Be2 Be7 7. O-O O-O 8.
Re1 d5 9. d4 Nxc3 10. bxc3 Nd7 11. Bf4 Nf6 12. h3 Ne4 13. Bd2 c6 14. c4 Nxd2 15.
Qxd2 Qc7 16. Rab1 b6 17. g4 Be4 18. Ng5 Bxg5 19. Qxg5 Bxc2 20. Rbc1 Be4 21. cxd5
h6 22. Qh5 g6 23. Qxh6 Bxd5 24. h4 Qd6 25. Bd3 Qf6 26. Re3 Rfe8 27. Rce1 Rxe3
28. Rxe3 Qxd4 29. Kh2 Qf6 30. Kg3 Qd6+ 31. f4 Qf8 32. Qg5 Re8 33. f5 Qd6+ 34.
Kh3 Rxe3+ 35. Qxe3 Kg7 36. h5 Qf6 37. g5 Qd6 38. Qd4+ Kg8 39. Qe3 Qd7 40. hxg6
fxg6 41. Qe5 Bxa2 42. Kh4 1/2-1/2

[Event "42nd Olympiad 2016"]
[Site "Baku AZE"]
[Date "2016.09.10"]
[Round "8.79"]
[Board "3"]
[White "Simelane, Wandile"]
[Black "Dacres, Don"]
[Result "0-1"]
[WhiteElo "1615"]
[BlackElo "1713"]
[WhiteTeam "Swaziland"]
[BlackTeam "Bermuda"]
[WhiteFideId "20700210"]
[BlackFideId "8800820"]
[EventDate "2016.09.02"]

1. e4 c5 2. Nf3 g6 3. d4 cxd4 4. Nxd4 Bg7 5. Nc3 Nc6 6. Nxc6 bxc6 7. Bc4 d6 8.
O-O Bb7 9. Bg5 Nf6 10. Re1 O-O 11. e5 dxe5 12. Qxd8 Rfxd8 13. Rxe5 Rd7 14. Ree1
e6 15. Rxe6 fxe6 16. Bxe6+ Rf7 17. Bxf6 Bxf6 18. Ne4 Be7 19. Rd1 Bc8 20. Bxf7+
Kxf7 21. Nd6+ Kf8 22. Nxc8 Rxc8 23. Rd7 Rd8 24. Rxd8+ Bxd8 25. g4 Kf7 26. f3 Ke6
27. Kf2 Ke5 28. Ke2 Kf4 29. b4 g5 30. c4 Be7 31. c5 a6 32. a4 h6 33. h3 Bf8 34.
Kf2 Bg7 35. Ke2 Bc3 36. b5 axb5 37. axb5 cxb5 38. c6 Ba5 39. Kf2 b4 40. Ke2 b3 0-1